Tilastot visalle 7 satunnaista maata maailmankartalla 15 sekunnissa

Klikkaa tästä pelataksesi tätä visaa!

Yleistilastot

  • Tätä visaa on pelattu 152 kertaa
  • Keskiarvotulos 4 / 7

Vastaukset kartalla

Vastauksille on annettu kartalla punavihreä väri sen mukaan, kuinka moni on saanut sen oikein.
 

Vastaustilastot

maa% Oikein
Espanja
100%
Jemen
100%
Kongo
100%
Kongon dem tasavalta
100%
Kuuba
100%
Laos
100%
Marokko
100%
Niger
100%
Pohjois-Korea
100%
Puola
100%
Serbia
100%
Unkari
100%
Viro
100%
Zimbabwe
100%
Panama
50%
San Marino
50%
Afganistan
0%
Alankomaat
0%
Albania
0%
Algeria
0%
Andorra
0%
Angola
0%
Antigua ja Barbuda
0%
Argentiina
0%
Armenia
0%
Australia
0%
Azerbaidžan
0%
Bahama
0%
Bahrain
0%
Bangladesh
0%
Barbados
0%
Belgia
0%
Belize
0%
Benin
0%
Bhutan
0%
Bolivia
0%
Bosnia ja Hertsegovina
0%
Botswana
0%
Brasilia
0%
Brunei
0%
Bulgaria
0%
Burkina Faso
0%
Burundi
0%
Cabo Verde
0%
Chile
0%
Costa Rica
0%
Côte d'Ivoire
0%
Djibouti
0%
Dominica
0%
Dominikaaninen tasavalta
0%
Ecuador
0%
Egypti
0%
El Salvador
0%
Eritrea
0%
Etelä-Afrikka
0%
Etelä-Korea
0%
Etelä-Sudan
0%
Etiopia
0%
Fidži
0%
Filippiinit
0%
Gabon
0%
Gambia
0%
Georgia
0%
Ghana
0%
Grenada
0%
Guatemala
0%
Guinea
0%
Guinea-Bissau
0%
Guyana
0%
Haiti
0%
Honduras
0%
Indonesia
0%
Intia
0%
Irak
0%
Iran
0%
Irlanti
0%
Islanti
0%
Israel
0%
Italia
0%
Itävalta
0%
Jamaika
0%
Japani
0%
Jordania
0%
Kambodža
0%
Kamerun
0%
Kanada
0%
Kazakstan
0%
Kenia
0%
Keski-Afrikan tasavalta
0%
Kiina
0%
Kirgisia
0%
Kiribati
0%
Kolumbia
0%
Komorit
0%
Kosovo
0%
Kreikka
0%
Kroatia
0%
Kuwait
0%
Kypros
0%
Latvia
0%
Lesotho
0%
Libanon
0%
Liberia
0%
Libya
0%
Liechtenstein
0%
Liettua
0%
Luxemburg
0%
Madagaskar
0%
Malawi
0%
Malediivit
0%
Malesia
0%
Mali
0%
Malta
0%
Marshallinsaaret
0%
Mauritania
0%
Mauritius
0%
Meksiko
0%
Mikronesia
0%
Moldova
0%
Monaco
0%
Mongolia
0%
Montenegro
0%
Mosambik
0%
Myanmar
0%
Namibia
0%
Nauru
0%
Nepal
0%
Nicaragua
0%
Nigeria
0%
Norja
0%
Oman
0%
Päiväntasaajan Guinea
0%
Pakistan
0%
Palau
0%
Papua-Uusi-Guinea
0%
Paraguay
0%
Peru
0%
Pohjois-Makedonia
0%
Portugali
0%
Qatar
0%
Ranska
0%
Romania
0%
Ruanda
0%
Ruotsi
0%
Saint Kitts ja Nevis
0%
Saint Lucia
0%
Saint Vincent ja Grenadiinit
0%
Saksa
0%
Salomonsaaret
0%
Sambia
0%
Samoa
0%
São Tomé ja Príncipe
0%
Saudi-Arabia
0%
Senegal
0%
Seychellit
0%
Sierra Leone
0%
Singapore
0%
Slovakia
0%
Slovenia
0%
Somalia
0%
Sri Lanka
0%
Sudan
0%
Suomi
0%
Suriname
0%
Sveitsi
0%
Swazimaa
0%
Syyria
0%
Tadžikistan
0%
Taiwan
0%
Tansania
0%
Tanska
0%
Thaimaa
0%
Timor-Leste
0%
Togo
0%
Tonga
0%
Trinidad ja Tobago
0%
Tšad
0%
Tšekki
0%
Tunisia
0%
Turkki
0%
Turkmenistan
0%
Tuvalu
0%
Uganda
0%
Ukraina
0%
Uruguay
0%
Uusi-Seelanti
0%
Uzbekistan
0%
Valko-Venäjä
0%
Vanuatu
0%
Vatikaanivaltio
0%
Venäjä
0%
Venezuela
0%
Vietnam
0%
Yhdistyneet arabiemiirikunnat
0%
Yhdistynyt kuningaskunta
0%
Yhdysvallat
0%

Tulosjakauma

Persentiili vastausten määrän mukaan

Jokaisen tuloksen saaneiden osuus

Tuloshistoriasi

Et ole pelannut tätä visaa